[Event "World ol U16"]
[Site "Gyor"]
[Date "2014.12.21"]
[Round "10.4"]
[White "Sucikova, Svetlana"]
[Black "Nova, Michaela"]
[Result "1/2-1/2"]
[WhiteElo "1985"]
[BlackElo "2015"]
[PlyCount "172"]
[EventDate "2014.12.13"]
[EventType "team-swiss"]
[EventRounds "10"]
[EventCountry "HUN"]
[SourceTitle "EXT 2016"]
[Source "ChessBase"]
[SourceDate "2015.10.08"]
[SourceVersion "1"]
[SourceVersionDate "2015.10.08"]
[SourceQuality "1"]
[WhiteTeam "Slovakia"]
[BlackTeam "Czech Republic"]
[WhiteTeamCountry "SVK"]
[BlackTeamCountry "CZE"]

1. c4 e6 2. Nc3 d5 3. e3 Nf6 4. b3 Be7 5. Bb2 Nbd7 6. Nf3 0-0 7. Be2 c6 8. 0-0 Re8 9. d4 Bd6 10. Qc2 Qe7 11. Rfd1 Nf8 12. Bd3 Ng6 13. e4 dxe4 14. Nxe4 Nxe4 15. Bxe4 f5 16. Bd3 Bd7 17. Re1 Nh4 18. Qe2 Bb4 19. Red1 Nxf3+ 20. Qxf3 Qf7 21. Rac1 Rad8 22. Rc2 Bd6 23. Re2 Re7 24. Bc3 Rde8 25. Rde1 a6 26. Kh1 Qf6 27. Qe3 Qf7 28. c5 Bc7 29. Bc4 Qh5 30. h3 g5 31. Kg1 Qg6 32. Qd3 g4 33. hxg4 Qxg4 34. Qh3 Qxh3 35. gxh3 Kf7 36. Kh1 Rg8 37. Re3 Ree8 38. Rf3 Rg5 39. Bd2 f4 40. Bxf4 Rf5 41. Re4 Rf8 42. Be2 Ke8 43. Bxc7 Rxf3 44. Bxf3 Rxf3 45. Kg2 Rd3 46. Rh4 Rd2 47. a4 e5 48. dxe5 Bf5 49. Rf4 Be6 50. b4 Rd3 51. f3 Rd7 52. Bd6 Rg7+ 53. Kh2 Rg8 54. Rf6 Kd7 55. Rf4 Bb3 56. Rg4 Be6 57. Rf4 Ke8 58. a5 Kd7 59. Rd4 Bd5 60. Rf4 Be6 61. h4 Ke8 62. Rf6 Kd7 63. Bf8 Bd5 64. Bh6 Rg6 65. Rd6+ Rxd6 66. cxd6 Bxf3 67. Kg3 Bd5 68. Kf4 Ke6 69. Bg7 Bc4 70. Ke4 Bb3 71. Kd4 Kd7 72. Kc5 Be6 73. Kb6 Kc8 74. Bf6 Bf5 75. h5 Be6 76. Kc5 Kd7 77. Kd4 Bf5 78. Ke3 Ke6 79. Kf4 Bc2 80. Kg5 Be4 81. Kh6 Bf5 82. Kg7 Kd7 83. Kf8 Be6 84. Bg5 Bf5 85. Kf7 Be6+ 86. Kf6 Bb3 1/2-1/2

[Event "World ol U16"]
[Site "Gyor"]
[Date "2014.12.16"]
[Round "5.4"]
[White "Nova, Michaela"]
[Black "Lorparizangeneh, Shahin"]
[Result "0-1"]
[WhiteElo "2015"]
[BlackElo "2340"]
[PlyCount "50"]
[EventDate "2014.12.13"]
[EventType "team-swiss"]
[EventRounds "10"]
[EventCountry "HUN"]
[SourceTitle "EXT 2016"]
[Source "ChessBase"]
[SourceDate "2015.10.08"]
[SourceVersion "1"]
[SourceVersionDate "2015.10.08"]
[SourceQuality "1"]
[WhiteTeam "Czech Republic"]
[BlackTeam "Iran"]
[WhiteTeamCountry "CZE"]
[BlackTeamCountry "IRI"]

1. e4 c6 2. d4 d5 3. exd5 cxd5 4. Bd3 Nc6 5. c3 Qc7 6. h3 Nf6 7. Nf3 g6 8. Qc2 Bg7 9. 0-0 0-0 10. Bg5 Nh5 11. Qd2 f6 12. Be3 e5 13. Bc2 e4 14. Ne1 f5 15. f4 Be6 16. Na3 Ne7 17. Rc1 g5 18. Bb3 gxf4 19. Bxf4 Nxf4 20. Rxf4 Bh6 21. Rg4+ fxg4 22. Qxh6 Ng6 23. c4 Qg3 24. hxg4 Rf4 25. Qh3 Qf2+ 0-1

[Event "CZE-ch U20 Girls"]
[Site "Frydek Mistek"]
[Date "2014.11.20"]
[Round "6"]
[White "Nova, Michaela"]
[Black "Zemkova, Klara"]
[Result "1-0"]
[WhiteElo "1706"]
[BlackElo "1697"]
[PlyCount "113"]
[EventDate "2014.11.16"]
[EventType "swiss"]
[EventRounds "9"]
[EventCountry "CZE"]
[SourceTitle "CBM 163 Extra"]
[Source "ChessBase"]
[SourceDate "2014.12.23"]
[SourceVersion "1"]
[SourceVersionDate "2014.12.23"]
[SourceQuality "1"]

1. d4 f5 2. Nc3 Nf6 3. Bg5 g6 4. Bxf6 exf6 5. e3 d5 6. Nf3 Bg7 7. Bd3 0-0 8. Qd2 c6 9. h4 h6 10. Ne2 Re8 11. 0-0-0 a5 12. Ng3 Re4 13. Ng1 Rg4 14. h5 c5 15. Be2 c4 16. Bxg4 fxg4 17. e4 a4 18. hxg6 a3 19. b3 cxb3 20. cxb3 dxe4 21. Nh5 Qc7+ 22. Kb1 Bf5 23. Ka1 Bxg6 24. Nxg7 Qxg7 25. Qxh6 Qxh6 26. Rxh6 Kg7 27. Rh1 Nc6 28. Ne2 Nb4 29. Nf4 Nc2+ 30. Kb1 e3 31. Nxg6 e2 32. Nf4 exd1Q+ 33. Rxd1 Nb4 34. d5 Kf7 35. Rd4 Na6 36. Ra4 Nc7 37. Rc4 Ne8 38. Kc2 f5 39. Kd3 Kf6 40. Kd4 Nd6 41. Rc1 Nb5+ 42. Kd3 Rd8 43. Rh1 Ke5 44. g3 Nc7 45. Rh6 Rd6 46. Ng6+ Kxd5 47. Ne7+ Ke5+ 48. Rxd6 Kxd6 49. Nxf5+ Ke5 50. Ne3 Na6 51. Nxg4+ Kf5 52. Ne3+ Kg5 53. f4+ Kf6 54. Kc4 Nb8 55. Kd5 Nc6 56. Kc5 Kg6 57. g4 1-0

[Event "CZE-ch U20 Girls"]
[Site "Frydek Mistek"]
[Date "2014.11.18"]
[Round "4"]
[White "Nova, Michaela"]
[Black "Sroubova, Lenka"]
[Result "1/2-1/2"]
[WhiteElo "1706"]
[BlackElo "1949"]
[PlyCount "62"]
[EventDate "2014.11.16"]
[EventType "swiss"]
[EventRounds "9"]
[EventCountry "CZE"]
[SourceTitle "CBM 163 Extra"]
[Source "ChessBase"]
[SourceDate "2014.12.23"]
[SourceVersion "1"]
[SourceVersionDate "2014.12.23"]
[SourceQuality "1"]

1. e4 c5 2. Nf3 Nc6 3. c4 g6 4. d4 cxd4 5. Nxd4 Bg7 6. Be3 Nf6 7. Nc3 0-0 8. Be2 d6 9. Qd2 Nxd4 10. Bxd4 Be6 11. Rc1 Qa5 12. f3 Rfc8 13. Nd5 Qxd2+ 14. Kxd2 Nxd5 15. Bxg7 Nf4 16. Bd4 Nxe2 17. Kxe2 Bxc4+ 18. Kd2 Bxa2 19. Rxc8+ Rxc8 20. Bxa7 b5 21. Rc1 Rc4 22. Rc3 b4 23. Rxc4 Bxc4 24. Bf2 Kf8 25. Be1 Ke8 26. Ke3 b3 27. g3 f5 28. f4 Kd7 29. Kd4 Be6 30. e5 dxe5+ 31. Kxe5 Bc4 1/2-1/2

[Event "CZE-chT U20 Extraliga Ost 1415"]
[Site "Czech Republic"]
[Date "2014.10.11"]
[Round "1.6"]
[White "Nova, Michaela"]
[Black "Kubosova, Hana"]
[Result "1-0"]
[WhiteElo "1706"]
[BlackElo "1582"]
[PlyCount "101"]
[EventDate "2014.10.11"]
[EventType "team-tourn"]
[EventRounds "11"]
[EventCountry "CZE"]
[SourceTitle "EXT 2021"]
[Source "ChessBase"]
[SourceDate "2020.10.23"]
[SourceVersion "1"]
[SourceVersionDate "2020.10.23"]
[SourceQuality "1"]
[WhiteTeam "Polabiny (U20)"]
[BlackTeam "Orlova Slavia (U20)"]
[WhiteTeamCountry "CZE"]
[BlackTeamCountry "CZE"]

1. e4 c5 2. Nf3 Nc6 3. c4 g6 4. d4 cxd4 5. Nxd4 Bg7 6. Be3 Nf6 7. Nc3 0-0 8. Be2 d6 9. 0-0 Bd7 10. Qd2 Ng4 11. Bxg4 Bxg4 12. f3 Be6 13. Nd5 Bxd5 14. cxd5 Ne5 15. Rac1 Qd7 16. Rc2 Rfc8 17. Rfc1 a6 18. Rc3 Kf8 19. h3 Qd8 20. b4 Nd7 21. a4 Rxc3 22. Qxc3 Nb6 23. Qc7 Qxc7 24. Rxc7 Nxa4 25. Rxb7 Bxd4 26. Bxd4 f6 27. f4 Rc8 28. e5 fxe5 29. fxe5 dxe5 30. Bxe5 Rd8 31. d6 exd6 32. Bf6 Re8 33. Rxh7 Re6 34. Bg5 d5 35. Rd7 Rb6 36. Bd2 Nb2 37. Rxd5 Nc4 38. Bc3 Rd6 39. Rc5 Nb6 40. Kf2 Kf7 41. Ke3 Nd5+ 42. Ke4 Nxc3+ 43. Rxc3 Rb6 44. Rc4 Rb5 45. g4 a5 46. bxa5 Rxa5 47. h4 Rb5 48. Kf4 Ra5 49. Re4 Rb5 50. Re5 Rb4+ 51. Kg5 1-0